| 000 | 01248nam a2200313 c 4500 | ||
|---|---|---|---|
| 003 | BLK | ||
| 005 | 20180422114629.0 | ||
| 008 | 180411b bul|||||r ||||||| ||bul|| | ||
| 010 | _aKNG00182546000 | ||
| 040 | _aBLK | ||
| 041 |
_aBUL _cBUL |
||
| 080 |
_aТуризъм. Алпинизъм. Ориентиране. Международен туризъм вж 338.48 и 379.85 _b796.5 _x _z796.5 |
||
| 100 | 1 |
_aХристов, Хр. _eпърви автор _9383081 |
|
| 139 |
_aТурист НРБ _bТ 92 |
||
| 245 | 1 | 0 |
_aТурист НРБ _cХр. Христов. |
| 250 | _a2. прераб. и доп. изд. | ||
| 257 | _aBGR | ||
| 260 |
_аСофия _bМедицина и физкултура _c1962 |
||
| 300 |
_a228 с. _bс ил. _c18 см |
||
| 380 | _a79 | ||
| 500 | _a1. изд. 1959 със загл. Наръчник на значката "Турист НРБ" Други авт.: Г. Данов, М. Минковски, П. Златев, Ст. Камбуров, В. Петров | ||
| 650 | 4 |
_aТуризъм _9174203 |
|
| 653 | _aтуризъм | ||
| 852 | _aЦб І 4899 | ||
| 856 | 4 |
_qpdf _u |
|
| 856 | 4 |
_qpdf _u |
|
| 942 |
_cKNG _n0 |
||
| 944 |
_aCR _c24.09.2015 _kТеодора_Стоянова |
||
| 944 |
_aED _c24.09.2015 _kТеодора_Стоянова |
||
| 999 |
_c174094 _d174094 |
||